Sports Quiz

Random Sports or Baseball Quiz

HoF Pictures: Baseball Quiz Stats

 Plays Quiz Updated Apr 10, 2017

Support Sporcle.
Go Orange.
Score 0/32 Timer 05:00
0 Plays Today
Player % Correct
1Nolan Ryan
94.1%
4Reggie Jackson
93.5%
18Cal Ripken
90.3%
32Babe Ruth
89.9%
14Jackie Robinson
89.4%
9Ozzie Smith
89%
13Joe DiMaggio
87.3%
11Willie Mays
86.7%
7Kirby Puckett
84.8%
19Hank Aaron
84.6%
29Roberto Clemente
84.1%
25Tony Gwynn
83.9%
6Wade Boggs
83.8%
3Ernie Banks
83.3%
23Johnny Bench
82%
30Mike Schmidt
81.8%
Player % Correct
21Rollie Fingers
81.7%
10Ty Cobb
81%
8Ted Williams
80.6%
16Lou Gehrig
79%
28Mickey Mantle
76.3%
26Sandy Koufax
76.1%
15Stan Musial
73%
31Joe Morgan
72.5%
27Andre Dawson
70.9%
17Bob Gibson
69.5%
12Walter Johnson
60.3%
24Al Kaline
56.7%
5Cy Young
51.7%
22Ferguson Jenkins
50.2%
2Bill Mazeroski
44.9%
20Rogers Hornsby
25.1%

You're not logged in!

Compare scores with friends on all Sporcle quizzes.
OR
Log In
Forgot?

From the Vault

Famous 7 X 7

by manonthemoon

Don't let the title fool you. This is no math quiz.
Remove Ads.
Support Sporcle.
Get the best of Sporcle when you Go Orange. This ad-free experience offers more features, more stats, and more fun while also helping to support Sporcle. Thank you for becoming a member.

Show Comments

Extras

Top Quizzes Today


Score Distribution

Your Account Isn't Verified!

In order to create a playlist on Sporcle, you need to verify the email address you used during registration. Go to your Sporcle Settings to finish the process.

Report this User

Report this user for behavior that violates our Community Guidelines.

Details: